000 00776nam a2200193 a 4500
001 000048965
005 20201002061540.0
008 190508s2016 dr b r 000 0 spa d
020 _a9789945167689
040 _aDO-SdBNP
_bspa
_cBNPHU
082 _axxxx
_bP222e
100 1 _aParada, Henry
_976176
245 1 0 _aEvaluación de los centros infantiles de atención integral (CIANI) y las juntas locales locales de protección y restitución de derechos (JLPRD) en la República Dominicana /
_cHenry Parada, Susan Silver, Mike Burke.
260 _aSanto Domingo :
_bConani
_bBúho,
_c2016.
300 _a283 p. :
_bmap. ;
_c28 cm.
500 _aIncluye referencias bibliográficas y notas al pie de las páginas
700 1 _aSilver, Susan
_976177
700 1 _aBurke, Mike
_976178
999 _c48453
_d48453